01096pam a2200205 a 4500020002400000041000500024082001300029100002600042245007900068250001100147260003700158300000800195930000800203999001900211952013200230952013200362952013200494952013200626952013200758 a978-81-239-1225-0c h a624.1834 aKrishnaraju NeAuthor aAdvanced Reinforced Concrete Design 2ndcKrishnaraju NhTextual Documents  a2nd ED bCBS Pub. & Dist. Pvt. Ltd.c2015 a353 a855 c244923d244923 001040708General aECLbECLd1900-01-01eBMSGB Puneg330.00l0o624.1834 pECL-06399r2023-04-03 00:00:00t5w2023-04-03yBK 001040708General aECLbECLd1900-01-01eBMSGB Puneg330.00l0o624.1834 pECL-06398r2023-04-03 00:00:00t4w2023-04-03yBK 001040708General aECLbECLd1900-01-01eBMSGB Puneg330.00l0o624.1834 pECL-06397r2023-04-03 00:00:00t3w2023-04-03yBK 001040708General aECLbECLd1900-01-01eBMSGB Puneg330.00l0o624.1834 pECL-06396r2023-04-03 00:00:00t2w2023-04-03yBK 001040708General aECLbECLd1900-01-01eBMSGB Puneg330.00l0o624.1834 pECL-06395r2023-04-03 00:00:00t1w2023-04-03yBK